00512nam a2200157 a 450000100060000000300090000600800410001504000280005608200190008411000540010324500660015726000450022330000090026865000390027765000380031612723CO-ViMGA141112s2004 ck r 000 u spa d aCO-ViMGAbspacCO-ViMGA04a350.0035 C65d2 aColombia, Presidente 1994 - Samper Pizano Ernesto10aDiscurso instalación sesiones del congreso Julio 20 de 1997 aSantafé de Bogotá : bLerner, c1996 a21p.14aMENSAJES PRESIDENCIALES - COLOMBIA14aPRESIDENTES - COLOMBIA - INFORMES